[Event "Tourn. n8340"]
[Site "www.chess-mail.com"]
[Date "2015.08.15"]
[Round "1"]
[White "Karousek"]
[Black "Xkafi"]
[WhiteElo "2250"]
[BlackElo "2050"]
[Result "1-0"]
[Round "1"]
1.Ng1f3 e6
2.c4 Bf8b4
3.a3 Bb4c5
4.b4 Bc5e7
5.Bc1b2 b6
6.g3 Bc8b7
7.Bf1g2 c5
8.O-O Ng8f6
9.d3 Nf6g4
10.Nb1d2 Nb8a6
11.b5 Na6c7
12.Bb2xg7 Rh8g8
13.Bg7b2 h5
14.e4 h4
15.Nf3e5 Be7f6
16.Nd2f3 hxg3
17.hxg3 Ng4xe5
18.Bb2xe5 Bf6xe5
19.Nf3xe5 Qd8g5
20.Ne5f3 Qg5h5
21.Qd1d2 O-O-O
22.a4 Rg8g6
23.a5 Rd8h8
24.axb6 axb6
25.Qd2f4 Qh5h7
26.Qf4d6 Rg6h6
27.Nf3h4 Nc7e8
28.Qd6xb6 Rh6h5
29.Ra1a7 Ne8d6
30.Qb6xd6 Rh5xh4
31.gxh4 Qh7xh4
32.Rf1a1 Rh8h5
33.Ra7a8 { resign }
1-0

[Event "Tourn. n8350"]
[Site "www.chess-mail.com"]
[Date "2015.08.15"]
[Round "1"]
[White "Culiflori"]
[Black "Jhw"]
[WhiteElo "1900"]
[BlackElo "2289"]
[Result "1-0"]
[Round "1"]
1.e4 c5
2.Ng1f3 e6
3.d4 a6
4.Nb1c3 Nb8c6
5.d5 Nc6a7
6.dxe6 fxe6
7.Nf3e5 d6
8.Qd1h5 g6
9.Ne5xg6 Ng8f6
10.Qh5h4 Rh8g8
11.Ng6xf8 Rg8xf8
12.Bc1g5 Qd8e7
13.O-O-O b5
14.e5 dxe5
15.Nc3e4 Bc8d7
16.Ne4xf6 Rf8xf6
17.Bg5xf6 Qe7f7
18.Bf1e2 Na7c6
19.Be2h5 { resign }
1-0

[Event "Tourn. n8348"]
[Site "www.chess-mail.com"]
[Date "2015.08.15"]
[Round "1"]
[White "Francesco"]
[Black "Jhw"]
[WhiteElo "2070"]
[BlackElo "2039"]
[Result "0-1"]
[Round "1"]
1.e4 e5
2.Ng1f3 Ng8f6
3.Nb1c3 d5
4.exd5 Nf6xd5
5.Nc3xd5 Qd8xd5
6.c4 Qd5e4
7.Bf1e2 Nb8c6
8.O-O Bc8e6
9.Nf3g5 Qe4f5
10.Ng5xe6 Qf5xe6
11.Qd1b3 O-O-O
12.h3 f5
13.a4 Nc6d4
14.Qb3d3 e4
15.Qd3e3 Nd4c2
16.Qe3xa7 Nc2xa1
17.Qa7a8 Kd7
18.Qa8xb7 Bf8d6
19.Qb7b5 Ke7
20.a5 Na1c2
21.Be2d1 Nc2d4
22.Qb5a4 Qe6e5
23.g3 f4
24.b4 fxg3
25.Bd1g4 gxf2
26.Rf1xf2 Rh8f8
27.Bc1b2 Rf8xf2
28.Kxf2 Qe5g3
29.Kf1 Rd8f8
30.Bg4f3 Rf8xf3

0-1

[Event "Tourn. n8351"]
[Site "www.chess-mail.com"]
[Date "2015.08.15"]
[Round "1"]
[White "Panamski"]
[Black "Jhw"]
[WhiteElo "2080"]
[BlackElo "2099"]
[Result "1-0"]
[Round "1"]
1.Ng1f3 d5
2.d4 g6
3.Bc1f4 Bf8g7
4.c3 Bc8f5
5.Qd1b3 b6
6.e3 a6
7.Nb1d2 b5
8.a4 c6
9.axb5 Qd8b6
10.Bf4xb8 Ra8xb8
11.Ra1xa6 Qb6xa6
12.bxa6 Rb8xb3
13.Nd2xb3 Ng8f6
14.Nf3e5 Bf5c2
15.Nb3c5 O-O
16.Ne5xc6 e6
17.b4 { resign }
1-0

[Event "Tourn. n8350"]
[Site "www.chess-mail.com"]
[Date "2015.08.15"]
[Round "1"]
[White "Hundegana"]
[Black "Jhw"]
[WhiteElo "1960"]
[BlackElo "2099"]
[Result "1-0"]
[Round "1"]
1.e4 e5
2.Ng1f3 Ng8f6
3.Bf1c4 Nf6xe4
4.Qd1e2 d5
5.Bc4b3 Bf8c5
6.O-O Bc8g4
7.d3 Bc5xf2
8.Rf1xf2 Bg4xf3
9.Rf2xf3 c5
10.dxe4 O-O
11.Bb3xd5 Qd8b6
12.c4 Nb8d7
13.Rf3b3 Qb6g6
14.Rb3xb7 Nd7b6
15.Rb7xb6 axb6
16.Bd5xa8 Rf8xa8
17.Nb1c3 f5
18.exf5 Qg6xf5
19.Nc3d5 Ra8e8
20.Bc1e3 Re8e6
21.Ra1f1 { resign }
1-0

[Event "Tourn. n8345"]
[Site "www.chess-mail.com"]
[Date "2015.08.15"]
[Round "1"]
[White "Jhw"]
[Black "Mrbabu"]
[WhiteElo "2059"]
[BlackElo "2100"]
[Result "0-1"]
[Round "1"]
1.e4 c5
2.b3 Nb8c6
3.g3 Ng8f6
4.Bf1g2 e6
5.d3 d5
6.exd5 exd5
7.Nb1d2 Bf8e7
8.Bc1b2 O-O
9.Ng1e2 Rf8e8
10.Bb2xf6 Be7xf6
11.c3 Bf6xc3
12.Ra1c1 Nc6d4
13.Bg2e4 Bc3xd2
14.Kxd2 Nd4xe2
15.Rc1xc5 dxe4
16.Qd1xe2 exd3
17.Qe2xd3 Qd8xd3
18.Kxd3 Bc8e6
19.Kc2 Ra8c8
20.Rc5xc8 Re8xc8
21.Kb2 g5
22.f3 h5
23.Rh1e1 Kg7
24.Re1e5 Kg6
25.f4 gxf4
26.gxf4 Be6f5
27.Re5e7 Rc8b8
28.a4 Kf6
29.Re7e1 b5
30.Ka3 bxa4
31.bxa4 Bf5e6
32.a5 Rb8b3
33.Ka4 a6
34.Re1xe6 fxe6
35.Kxb3 Kf5
36.Kc4 Kxf4
37.Kc5 e5
38.Kb6 e4
39.Kxa6 e3
40.Kb6 e2
41.a6 e1Q
42.a7 Qe1a1
43.Kb7 h4
44.a8Q Qa1xa8
{ resign }
0-1

[Event "Tourn. n8352"]
[Site "www.chess-mail.com"]
[Date "2015.08.15"]
[Round "1"]
[White "Seger"]
[Black "Jhw"]
[WhiteElo "2770"]
[BlackElo "2380"]
[Result "1-0"]
[Round "1"]
1.d4 c5
2.d5 Qd8b6
3.e4 e6
4.Ng1f3 Ng8f6
5.Nb1c3 Qb6b4
6.Nf3d2 exd5
7.e5 d4
8.Nc3b5 Nf6d5
9.Qd1f3 a6
10.Nb5d6 Bf8xd6
11.exd6 Nd5f6
12.Qf3e2 Kd8
13.Qe2e7 { resign }
1-0

[Event "Tourn. n8348"]
[Site "www.chess-mail.com"]
[Date "2015.08.15"]
[Round "1"]
[White "Jhw"]
[Black "Bojan"]
[WhiteElo "2039"]
[BlackElo "1930"]
[Result "0-1"]
[Round "1"]
1.e4 e5
2.f4 exf4
3.Ng1f3 Bf8d6
4.d4 f6
5.Bf1c4 Nb8c6
6.O-O Nc6a5
7.Bc4d3 c5
8.e5 Bd6e7
9.Bc1xf4 Qd8b6
10.b3 cxd4
11.Rf1e1 Na5c6
12.Nf3h4 Kd8
13.Nh4f5 fxe5
14.Nf5xe7 Ng8xe7
15.Bf4xe5 Nc6xe5
16.Re1xe5 g6
17.Qd1e1 Rh8e8
18.Qe1h4 h5
19.Nb1d2 d6
20.Re5d5 Kc7
21.Rd5b5 Qb6c6
22.Qh4xd4 Ne7f5
23.Qd4f2 Bc8d7
24.Qf2f4 a6
25.Rb5b4 b5
26.a4 Ra8b8
27.axb5 axb5
28.Nd2e4 Bd7e6
29.c4 bxc4
30.Ra1a7 Kc8
31.Rb4xc4 Be6xc4
32.Ne4c5 Qc6xc5
33.Qf4f2 Qc5xf2
34.Kxf2 Bc4xd3
{ resign }
0-1

[Event "Tourn. n8345"]
[Site "www.chess-mail.com"]
[Date "2015.08.15"]
[Round "1"]
[White "Jhw"]
[Black "Xkafi"]
[WhiteElo "2039"]
[BlackElo "2040"]
[Result "0-1"]
[Round "1"]
1.d4 e6
2.e4 Nb8c6
3.a3 b6
4.Qd1e2 Nc6xd4
5.Qe2c4 c5
6.b4 Bc8a6
7.Qc4xa6 Nd4xc2
8.Kd1 Nc2xa1
9.Bc1b2 Na1b3
10.bxc5 Nb3xc5
11.Qa6c4 Ra8c8
12.g3 Ng8f6
13.f3 Nc5xe4
14.Qc4e2 Ne4c5
15.Bf1g2 Qd8c7
16.Nb1c3 Nc5b3
17.Qe2e3 Qc7d6
18.Ke2 Nf6d5
19.Nc3xd5 Qd6xd5
20.Bb2c3 Qd5c4
21.Ke1 Qc4xc3
22.Qe3xc3 Rc8xc3
{ resign }
0-1

[Event "Tourn. n8342"]
[Site "www.chess-mail.com"]
[Date "2015.08.15"]
[Round "1"]
[White "Xkafi"]
[Black "Panham"]
[WhiteElo "2050"]
[BlackElo "2100"]
[Result "0-1"]
[Round "1"]
1.b3 Ng8f6
2.Nb1c3 d5
3.e3 c6
4.Ng1f3 e6
5.Bc1b2 Bf8e7
6.Nf3e5 Nb8d7
7.Nc3e2 Nd7xe5
8.Bb2xe5 O-O
9.Ne2g3 Nf6d7
10.Be5b2 Qd8c7
11.Qd1g4 Be7f6
12.c3 c5
13.Ng3h5 a6
14.O-O-O g6
15.h4 Bf6h8
16.Nh5f4 Nd7f6
17.Qg4g5 Nf6e4
18.Nf4xd5 exd5
19.Qg5xd5 Ne4xf2
20.Bf1c4 Bc8e6
21.Qd5g5 Be6xc4
22.bxc4 Nf2d3
23.Kc2 Ra8d8
24.Bb2a3 Qc7a5
25.Kb3 Rd8d6
26.Rh1f1 b5
27.cxb5 Qa5xb5
28.Kc2 Qb5a4
{ resign }
0-1

[Event "Tourn. n8344"]
[Site "www.chess-mail.com"]
[Date "2015.08.15"]
[Round "1"]
[White "Bojan"]
[Black "Jhw"]
[WhiteElo "1900"]
[BlackElo "2039"]
[Result "1/2-1/2"]
[Round "1"]
1.e4 e5
2.Ng1f3 Ng8f6
3.Nf3xe5 Qd8e7
4.Ne5f3 d5
5.Qd1e2 dxe4
6.Nf3d4 b6
7.Nb1c3 Bc8b7
8.b3 Qe7c5
9.Qe2b5 Nb8d7
10.Nd4f5 O-O-O
11.Bc1b2 Rh8g8
12.Nf5e3 g6
13.Bf1c4 Nd7e5
14.Qb5xc5 Bf8xc5
15.Nc3b5 Nf6d7
16.Nb5xa7 Kb8
17.Na7b5 Ne5xc4
18.Ne3xc4 f5
19.O-O-O Bc5xf2
20.Nc4e3 Bb7a6
21.a4 c6
22.Nb5c3 Nd7f6
23.b4 f4
24.Ne3f1 Rg8e8
25.b5 cxb5
26.Nc3xb5 Nf6d5
27.h3 Nd5c7
28.c4 Rd8d3
29.Nf1h2 h5
30.Kc2 Bf2c5
31.Rd1a1 Bc5b4
32.Rh1d1 Nc7xb5
33.axb5 Ba6b7
34.Ra1a4 Bb4a5
35.Ra4a3 Rd3d7
36.Bb2c3 Ba5xc3
37.Ra3xc3 e3
38.dxe3 Rd7xd1
39.Kxd1 fxe3
40.Nh2f3 Re8e4
41.Ke2 Kc8
42.c5 bxc5
43.Rc3xc5 Kd7
44.Rc5g5 Re4e6
45.Nf3e5 Ke7
46.Ne5xg6 Kf6
47.Rg5g3 Kf5
48.Ng6f8 Re6e8
49.Nf8h7 Re8e7
50.Rg3g5 Kf4
51.g3 Ke4
52.Rg5xh5 Kd4
53.Nh7f6 Re7f7
54.Nf6g4 Bb7f3
55.Ke1 e2
56.Rh5h6 Rf7e7
57.Rh6d6 Kc4
58.b6 Kc5
59.Rd6d3 Bf3b7
60.Rd3b3 Kd4
61.Ng4h2 Kc4
62.Rb3b2 Kd3
63.g4 Re7e5
64.Rb2d2 Kc4
65.Rd2xe2 Re5b5
66.Re2e6 Kd3
67.Kf2 Rb5b2
68.Kg3 Rb2g2
69.Kf4 Rg2xh2
70.Re6h6 Rh2b2
71.Rh6d6 Ke2
72.Ke5 Bb7g2
73.h4 Rb2b5
74.Kf6 Rb5b4
75.g5 Rb4xh4
76.Rd6d7 Rh4f4
77.Kg7 Rf4b4
78.Rd7d6 Kf3
79.g6 Kg4
80.Kg8 Kf5
81.g7 Ke5
82.Kf8 Rb4f4
83.Ke7 Rf4g4
84.Rd6e6 Kd5
85.Kf7 Rg4xg7
86.Kxg7 { draw }
1/2-1/2

[Event "Tourn. n8337"]
[Site "www.chess-mail.com"]
[Date "2015.08.15"]
[Round "1"]
[White "Ruko"]
[Black "Jhw"]
[WhiteElo "1880"]
[BlackElo "1779"]
[Result "1-0"]
[Round "1"]
1.e4 e5
2.Ng1f3 Ng8f6
3.Nf3xe5 Qd8e7
4.d4 d6
5.Ne5f3 Nf6xe4
6.Bf1e2 Bc8g4
7.O-O Nb8d7
8.Rf1e1 O-O-O
9.Be2d3 f5
10.h3 Bg4h5
11.Nb1d2 Nd7f6
12.c4 g5
13.Qd1c2 g4
14.hxg4 Nf6xg4
15.Nd2xe4 fxe4
16.Bd3xe4 Qe7g7
17.Qc2b3 b6
18.Qb3a4 Kb8
19.Qa4c6 d5
20.Be4xd5 Rd8xd5
21.Qc6xd5 Bf8b4
22.Bc1d2 Rh8g8
23.Qd5xh5 Ng4e3
24.g3 Bb4d6
25.Re1xe3 Bd6xg3
26.Re3e8 Rg8xe8
27.Qh5xe8 Kb7
28.Qe8e4 Ka6
29.fxg3 Qg7xg3
30.Kf1 Qg3h3
31.Kf2 c5
32.b4 { resign }
1-0

[Event "Tourn. n8351"]
[Site "www.chess-mail.com"]
[Date "2015.08.15"]
[Round "1"]
[White "Jhw"]
[Black "Fkarpov"]
[WhiteElo "2059"]
[BlackElo "2090"]
[Result "0-1"]
[Round "1"]
1.e4 c5
2.d4 cxd4
3.Qd1xd4 Ng8f6
4.e5 Nb8c6
5.Qd4f4 Qd8a5
6.Nb1c3 Qa5xe5
7.Qf4xe5 Nc6xe5
8.Nc3b5 Nf6d5
9.c4 Nd5b4
10.Kd1 Nb4a6
11.f4 Ne5c6
12.Bc1e3 b6
13.a3 e5
14.Ng1h3 Bf8c5
15.Be3xc5 bxc5
16.Nb5d6 Ke7
17.Nd6f5 Kf6
18.Bf1d3 g6
19.Nf5d6 Ke7
20.fxe5 Nc6xe5
21.Bd3e4 Ra8b8
22.Nd6xc8 Rh8xc8
23.Nh3f4 Rb8xb2
24.Rh1e1 d6
25.Re1e2 Rb2xe2
26.Kxe2 Rc8b8
27.Nf4d5 Ke6
28.Nd5f4 Kd7
29.Be4d5 Rb8e8
30.Kf2 Na6c7
31.Ra1b1 Nc7xd5
32.cxd5 Kc7
33.h3 g5
34.Nf4h5 h6
35.Nh5f6 Ne5d3
36.Kg3 Re8e3
37.Kh2 Nd3f4
38.a4 Re3d3
39.Nf6e8 Kd7
40.Rb1b8 Nf4xd5
41.Ne8g7 Kc6
42.Rb8a8 Kb7
43.Ra8f8 f6
44.Ng7h5 Rd3d4
45.Nh5xf6 Rd4f4
46.Rf8f7 Ka6
47.Rf7xa7 Kxa7
48.Nf6xd5 Rf4xa4
49.Nd5c3 Ra4c4
50.Nc3b5 Ka6
51.Nb5xd6 Rc4f4
{ resign }
0-1

[Event "Match"]
[Site "www.echecsemail.com"]
[Date "2015.08.15"]
[Round "1"]
[White "Diasiare"]
[Black "Maxxd"]
[WhiteElo "1499"]
[BlackElo "1499"]
[Result "1-0"]
[Round "1"]
1.d4 Nb8c6
2.Ng1f3 d6
3.e3 e5
4.c3 Ng8f6
5.Bf1b5 Bc8d7
6.d5 Nf6xd5
7.Qd1xd5 Nc6e7
8.Qd5b3 a6
9.Nf3g5 d5
10.Bb5d3 f6
11.Ng5h3 g5
12.e4 Bd7b5
13.Bd3e2 h5
14.c4 dxc4
15.Be2xc4 Bf8g7
16.Nb1c3 c6
17.Bc1e3 Qd8d7
18.Ra1d1 Bb5xc4
19.Qb3xc4 b5
20.Qc4c5 Qd7b7
21.Rd1d6 O-O
22.Rd6e6 Rf8f7
23.Qc5d6 Ra8e8
24.Be3c5 Ne7c8
25.Qd6xc6 Re8xe6
26.Qc6xe6 Kh7
27.Nh3g1 Rf7c7
28.b4 a5
29.a3 Rc7c6
30.Qe6d5 Nc8b6
31.Qd5d8 f5
32.h4 gxh4
33.Rh1xh4 Rc6h6
34.bxa5 Nb6d7
35.a6 Rh6xa6
36.Bc5e7 Qb7c6
37.exf5 Qc6xc3
38.Kd1 Qc3a1
39.Kc2 Qa1xg1
40.Qd8xd7 Qg1xf2
41.Kc3 Qf2g3
42.Kb4 Ra6a4
43.Kxb5 Ra4xh4
44.f6 Qg3b3
45.Ka5 Qb3c3
46.Be7b4 Qc3g3
47.Bb4f8 Rh4g4
48.fxg7 Rg4xg7
49.Bf8xg7 Qg3xg7
50.Qd7xg7 Kxg7
51.Kb4 Kg6
52.a4 e4
53.a5 e3
54.Kc3 { resign }
1-0

[Event "Match"]
[Site "www.echecsemail.com"]
[Date "2015.08.15"]
[Round "1"]
[White "Sidwell"]
[Black "Reanna"]
[WhiteElo "1499"]
[BlackElo "1590"]
[Result "1-0"]
[Round "1"]
1.d3 d5
2.f3 Ng8f6
3.Ng1h3 e5
4.Bc1g5 Bf8e7
5.Bg5xf6 Be7xf6
6.c3 O-O
7.Qd1b3 d4
8.cxd4 Qd8xd4
9.Nb1a3 Bc8e6
10.Qb3xb7 Nb8d7
11.Qb7xc7 Qd4xb2
12.Qc7c1 Qb2xc1
13.Ra1xc1 Be6xh3
14.gxh3 Bf6h4
15.Kd1 Nd7b6
16.Bf1g2 Nb6a4
17.Rc1c2 Bh4f2
18.f4 exf4
19.Bg2xa8 Rf8xa8
20.Na3b1 g5
21.Rh1g1 Bf2xg1
22.e4 Ra8b8
23.Nb1d2 Bg1e3
24.Ke2 Na4b2
25.Rc2c7 Nb2a4
26.Kf3 Be3xd2
27.Rc7xa7 Na4c5
28.Kg4  { time }
1-0

[Event "Match"]
[Site "www.echecsemail.com"]
[Date "2015.08.15"]
[Round "1"]
[White "Joseph1983"]
[Black "Jhw"]
[WhiteElo "2190"]
[BlackElo "2329"]
[Result "1-0"]
[Round "1"]
1.d4 c5
2.c3 e6
3.e4 d5
4.e5 cxd4
5.cxd4 Bf8b4
6.Bc1d2 Qd8a5
7.f4 Nb8c6
8.Ng1f3 Ng8h6
9.Bf1d3 Nh6g4
10.h3 Ng4e3
11.Qd1e2 Bb4xd2
12.Nb1xd2 Ne3f5
13.Bd3xf5 exf5
14.O-O Qa5b4
15.Nd2b3 a5
16.Rf1d1 b6
17.Ra1c1 Bc8b7
18.e6 O-O
19.exf7 Rf8xf7
20.Qe2e6 Nc6d8
21.Qe6e3 a4
22.Nb3d2 Ra8c8
23.Rc1xc8 Bb7xc8
24.a3 Qb4xb2
25.Rd1b1 Qb2c2
26.Rb1xb6 Qc2c7
27.Rb6b1 Rf7e7
28.Nf3e5 Qc7a7
29.Nd2f3 Qa7c7
30.Rb1c1 Qc7b7
31.Qe3c3 Bc8e6
32.Ne5d3 h6
33.Nd3c5 Qb7b6
34.Nc5xa4 Qb6b5
35.Na4c5 Re7c7
36.a4 Qb5e2
37.Rc1e1 Rc7xc5
38.Qc3xc5 Qe2d3
39.Qc5e7 Qd3a6
40.Qe7xd8 Kh7
41.a5 Qa6b5
42.Re1xe6 { resign }
1-0

[Event "Match"]
[Site "www.echecsemail.com"]
[Date "2015.08.15"]
[Round "1"]
[White "Ztornad"]
[Black "Carloswhizz"]
[WhiteElo "1780"]
[BlackElo "1800"]
[Result "1-0"]
[Round "1"]
1.e4 d5
2.e5 Nb8c6
3.g3 f6
4.exf6 Ng8xf6
5.Bf1b5 Bc8d7
6.c4 dxc4
7.Bb5xc4 e6
8.Qd1f3 Bf8e7
9.b3 O-O
10.Ng1e2 Ra8b8
11.Bc1b2 a6
12.d3 b5
13.Bc4xb5 axb5
14.O-O Nf6d5
15.Qf3g4 e5
16.Qg4e4 Bd7h3
17.Rf1c1 Bh3f5
18.Qe4g2 Rf8f6
19.Bb2xe5 Nc6xe5
20.Ne2d4 Bf5xd3
21.Nb1c3 Nd5xc3
22.Rc1xc3 Qd8xd4
23.Ra1c1 Be7d6
24.h4 Rb8f8
25.Rc3xd3 Ne5xd3
26.Rc1d1 Rf6xf2
27.Qg2b7 Rf2f1
28.Kh2 Rf8f2
29.Kh3  { time }
1-0

[Event "Match"]
[Site "www.echecsemail.com"]
[Date "2015.08.15"]
[Round "1"]
[White "Jhw"]
[Black "Scur"]
[WhiteElo "2039"]
[BlackElo "2059"]
[Result "0-1"]
[Round "1"]
1.Ng1f3 Ng8f6
2.c4 g6
3.e3 Bf8g7
4.d4 O-O
5.Nb1c3 d5
6.c5 b6
7.b4 a5
8.b5 bxc5
9.Ra1b1 cxd4
10.Nf3xd4 e5
11.Nd4c6 Nb8xc6
12.bxc6 Bc8f5
13.Rb1b5 Bf5e6
14.a4 Qd8d6
15.Nc3b1 Qd6xc6
16.Bc1a3 Rf8e8
17.Rb5c5 Qc6b7
18.Bf1b5 Be6d7
19.Bb5xd7 Nf6xd7
20.Rc5b5 Nd7b6
21.Ba3c5 d4
22.O-O dxe3
23.Bc5xe3 Qb7e4
24.Be3xb6 cxb6
25.Rb5xb6 Re8d8
26.Rb6d6 Rd8xd6
27.Qd1xd6 Qe4xa4
28.Qd6d5 Ra8c8
29.Rf1d1 Bg7f8
30.g3 Rc8c5
31.Qd5d8 Rc5c8
32.Qd8d5 Bf8c5
33.Kg2 Qa4c2
34.Qd5d2 Qc2xd2
35.Rd1xd2 Rc8a8
36.Rd2d5 Bc5d4
37.Kf3 f5
38.Nb1d2 a4
39.g4 a3
{ resign }
0-1

[Event "Match"]
[Site "www.echecsemail.com"]
[Date "2015.08.15"]
[Round "1"]
[White "Estonia"]
[Black "Jhw"]
[WhiteElo "2139"]
[BlackElo "2039"]
[Result "1-0"]
[Round "1"]
1.d4 e6
2.c4 c5
3.e3 d5
4.Ng1f3 Qd8b6
5.Nb1c3 Nb8c6
6.cxd5 cxd4
7.Nf3xd4 exd5
8.Bf1b5 Bc8d7
9.Bb5xc6 bxc6
10.O-O Ng8h6
11.Qd1c2 Bf8d6
12.h3 c5
13.Nd4b3 Bd7e6
14.Bc1d2 d4
15.exd4 cxd4
16.Nc3e4 Ra8c8
17.Ne4xd6 Qb6xd6
18.Qc2e4 Nh6f5
19.Rf1e1 O-O
20.Ra1c1 Rc8xc1
21.Re1xc1 Be6xb3
22.axb3 g6
23.Rc1c4 Rf8b8
24.b4 a5
25.bxa5 Rb8xb2
26.Bd2f4 Qd6d8
27.Bf4c7 Qd8d7
28.Bc7e5 h5
29.Qe4a8 Kh7
30.Qa8h8 { resign }
1-0

[Event "Match"]
[Site "www.echecsemail.com"]
[Date "2015.08.15"]
[Round "1"]
[White "Jhw"]
[Black "Mdesouza"]
[WhiteElo "2039"]
[BlackElo "2200"]
[Result "0-1"]
[Round "1"]
1.Ng1f3 Ng8f6
2.c4 e6
3.e3 Bf8e7
4.Nb1c3 O-O
5.d4 d5
6.c5 b6
7.b4 a5
8.b5 bxc5
9.dxc5 Be7xc5
10.Nc3a4 Bc5b4
11.Bc1d2 Qd8e7
12.b6 c5
13.Qd1c2 Bc8a6
14.Bf1xa6 Nb8xa6
15.a3 Bb4xd2
16.Qc2xd2 Nf6e4
17.Qd2e2 Qe7d7
18.Qe2c2 Qd7b5
19.Ra1b1 Na6b4
20.axb4 axb4
21.Na4b2 Ra8a2
22.Nf3d2 Ne4c3
23.Qc2d3 Ra2xb2
24.Qd3xb5 Rb2xb1
25.Nd2xb1 Nc3xb5
26.O-O Rf8b8
27.Rf1c1 c4
{ resign }
0-1

[Event "Match"]
[Site "www.echecsemail.com"]
[Date "2015.08.15"]
[Round "1"]
[White "Glenno"]
[Black "Jhw"]
[WhiteElo "2350"]
[BlackElo "2039"]
[Result "1-0"]
[Round "1"]
1.e4 e5
2.Ng1f3 Ng8f6
3.Nf3xe5 d6
4.Ne5f3 Qd8e7
5.d3 d5
6.e5 Nb8c6
7.d4 Nf6e4
8.Nb1c3 Qe7b4
9.Bc1d2 Qb4xb2
10.Nc3xd5 Nc6xd4
11.Nf3xd4 Kd8
12.Ra1b1 Qb2xd4
13.Bd2g5 Ne4xg5
14.Qd1xd4 Ng5e6
15.Qd4d2 b6
16.Nd5xb6 { resign }
1-0

[Event "Match"]
[Site "www.echecsemail.com"]
[Date "2015.08.15"]
[Round "1"]
[White "Witpar"]
[Black "Jhw"]
[WhiteElo "2600"]
[BlackElo "2039"]
[Result "1-0"]
[Round "1"]
1.d4 c6
2.c4 e5
3.dxe5 Qd8a5
4.Nb1c3 Qa5xe5
5.Ng1f3 Qe5d6
6.Qd1c2 g6
7.Nc3e4 Qd6e7
8.Bc1f4 f5
9.Ne4d6 Kd8
10.Nf3e5 Ng8h6
11.Bf4g5 { resign }
1-0

[Event "Match"]
[Site "www.echecsemail.com"]
[Date "2015.08.15"]
[Round "1"]
[White "Jhw"]
[Black "Chapi"]
[WhiteElo "2039"]
[BlackElo "2080"]
[Result "0-1"]
[Round "1"]
1.Ng1f3 c5
2.c4 Nb8c6
3.e3 d6
4.d4 cxd4
5.Nf3xd4 g6
6.Nb1c3 Bf8g7
7.Nd4xc6 bxc6
8.Bc1d2 Ng8f6
9.Ra1b1 Bc8f5
10.Rb1c1 O-O
11.h3 a5
12.b3 Nf6e4
13.Nc3xe4 Bf5xe4
14.f3 Be4f5
15.e4 Bf5d7
16.f4 e5
17.Qd1f3 exf4
18.Bd2xf4 Qd8f6
19.Bf1d3 Rf8e8
20.O-O Qf6d4
21.Kh1 Qd4b2
22.Bf4xd6 Qb2xa2
23.Qf3xf7 Kh8
24.Qf7xd7 Qa2xb3
25.Rf1f7 Ra8d8
26.Qd7xc6 Qb3xd3
27.c5 Re8xe4
28.Bd6e7 Qd3d1
29.Rc1xd1 Rd8xd1
30.Kh2 Bg7e5
31.g3 Rd1d2
32.Kg1 Re4e1
{ resign }
0-1

[Event "Match"]
[Site "www.echecsemail.com"]
[Date "2015.08.15"]
[Round "1"]
[White "Guidom"]
[Black "Jhw"]
[WhiteElo "2260"]
[BlackElo "2039"]
[Result "1-0"]
[Round "1"]
1.e4 e5
2.Ng1f3 Ng8f6
3.Nb1c3 Qd8e7
4.Bf1c4 h6
5.O-O c6
6.d4 exd4
7.Qd1xd4 d6
8.e5 dxe5
9.Nf3xe5 Bc8e6
10.Bc4xe6 Qe7xe6
11.Rf1e1 c5
12.Qd4a4 Kd8
13.Bc1f4 Nb8c6
14.Ra1d1 Kc8
15.Ne5d7 Nf6xd7
16.Re1xe6 fxe6
17.Nc3e4 Nd7b6
18.Qa4b5 Bf8e7
19.Ne4xc5 Rh8d8
20.Rd1xd8 Be7xd8
21.Nc5xe6 Kd7
22.Qb5f5 Nc6e7
23.Ne6c5 Ke8
24.Qf5e6 Ra8c8
25.Nc5xb7 Rc8c6
26.Nb7d6 { resign }
1-0

[Event "Match"]
[Site "www.echecsemail.com"]
[Date "2015.08.15"]
[Round "1"]
[White "Mitja"]
[Black "Jhw"]
[WhiteElo "1770"]
[BlackElo "2099"]
[Result "1/2-1/2"]
[Round "1"]
1.d4 c5
2.dxc5 Qd8a5
3.c3 Qa5xc5
4.e3 d5
5.h3 e5
6.Nb1d2 Bc8d7
7.Nd2b3 Qc5b6
8.Ng1f3 e4
9.Nf3d4 a5
10.f3 a4
11.Nb3d2 a3
12.bxa3 Bf8xa3
13.Bc1xa3 Ra8xa3
14.Ra1b1 Qb6a7
15.Bf1b5 Ra3xc3
16.Rb1b3 Qa7c5
17.Kf2 exf3
18.Bb5xd7 Nb8xd7
19.gxf3 b6
20.Rb3xc3 Qc5xc3
21.Qd1c1 Qc3xc1
22.Rh1xc1 Ng8e7
23.e4 dxe4
24.Nd2xe4 O-O
25.Rc1c7 Rf8d8
26.Nd4c6 Ne7xc6
27.Rc7xc6 f5
28.Ne4d6 g6
29.Rc6c7 Nd7e5
30.Nd6c4 Ne5xc4
31.Rc7xc4 Rd8d2
32.Kg3 Rd2xa2
33.Rc4b4 Ra2a6
34.Kf4 Kg7
35.Kg5 h6
36.Kf4 g5
37.Kxf5 Ra6a5
38.Kg4 b5
39.Kg3 Kf6
40.Rb4b3 Kf5
41.Rb3b4 h5
42.Rb4b3 h4
43.Kf2 Ra5a2
44.Ke3 Ra2h2
45.Rb3xb5 Kg6
46.f4 Rh2xh3
47.Ke4 Rh3g3
48.Rb5xg5 Rg3xg5
49.fxg5 Kxg5
50.Kf3 Kf5
51.Kg2 Kg4
52.Kh2 h3
53.Kg1 Kg3
{ draw }
1/2-1/2

[Event "Match"]
[Site "www.echecsemail.com"]
[Date "2015.08.15"]
[Round "1"]
[White "Jhw"]
[Black "Hundegana"]
[WhiteElo "1779"]
[BlackElo "2000"]
[Result "0-1"]
[Round "1"]
1.e4 c5
2.c3 e5
3.g3 Nb8c6
4.Bf1c4 d6
5.d3 Qd8e7
6.Ng1f3 Bc8e6
7.Bc4xe6 Qe7xe6
8.a3 Bf8e7
9.c4 Ng8f6
10.Nb1c3 a6
11.b3 Ra8b8
12.Nf3g5 Qe6d7
13.f4 h6
14.Ng5f3 Qd7h3
15.Qd1e2 Nc6d4
16.Nf3xd4 cxd4
17.Nc3d5 Nf6xd5
18.exd5 O-O
19.Bc1d2 b5
20.b4 Rf8e8
21.fxe5 dxe5
22.c5 Rb8d8
23.d6 Be7f6
24.Qe2f3 e4
25.dxe4 Bf6e5
26.O-O-O Qh3e6
27.Rh1e1 Qe6c4
28.Bd2c3 dxc3
29.Re1e2 Qc4b3
30.Rd1f1 Qb3xa3
31.Kd1 Qa3a1
32.Kc2 Qa1b2
33.Kd3 Qb2b3
34.Re2c2 f6
35.Rf1f2 Qb3xb4
{ resign }
0-1

[Event "Match"]
[Site "www.echecsemail.com"]
[Date "2015.08.15"]
[Round "1"]
[White "Jhw"]
[Black "Pinehill"]
[WhiteElo "1779"]
[BlackElo "1870"]
[Result "0-1"]
[Round "1"]
1.d4 Ng8f6
2.Bc1f4 e6
3.f3 d5
4.Nb1c3 Bf8b4
5.Bf4d2 O-O
6.e4 Bb4xc3
7.Bd2xc3 dxe4
8.f4 Nb8c6
9.g4 Nf6d5
10.Qd1e2 f5
11.O-O-O Nd5xf4
12.Qe2e3 Nf4d5
13.Qe3d2 Nd5xc3
14.bxc3 Qd8f6
15.g5 Qf6e7
16.h4 b6
17.d5 exd5
18.Qd2xd5 Qe7e6
19.Bf1c4 Nc6a5
20.Qd5xa8 Qe6xc4
21.Qa8xa7 Qc4xc3
22.Ng1h3 Na5c4
23.Rd1d5 Qc3a1
{ resign }
0-1

[Event "Match"]
[Site "www.echecsemail.com"]
[Date "2015.08.15"]
[Round "1"]
[White "Jhw"]
[Black "Jjmcbride"]
[WhiteElo "1779"]
[BlackElo "1880"]
[Result "0-1"]
[Round "1"]
1.d4 d5
2.Nb1c3 e6
3.a3 c5
4.e4 dxe4
5.Bc1f4 a6
6.Ng1e2 Ng8f6
7.h3 Bf8d6
8.Bf4xd6 Qd8xd6
9.g4 b5
10.g5 Nf6d5
11.Nc3xe4 Qd6c6
12.dxc5 O-O
13.Ne2d4 Qc6c7
14.h4 e5
15.Nd4f3 Rf8d8
16.Qd1e2 Nd5f4
17.Qe2e3 Bc8g4
18.b4 a5
19.Bf1xb5 Nf4g2
{ resign }
0-1

[Event "1/128 Finale"]
[Site "www.chess-mail.com"]
[Date "2015.08.15"]
[Round "1"]
[White "Cl3537"]
[Black "Chtoubidou"]
[WhiteElo "1340"]
[BlackElo "1950"]
[Result "0-1"]
[Round "1"]
1.e4 d5
2.exd5 Ng8f6
3.c4 c6
4.Ng1f3 cxd5
5.cxd5 Nf6xd5
6.Nb1c3 Nd5xc3
7.dxc3 Qd8xd1
8.Kxd1 Bc8g4
9.Bc1e3 Bg4xf3
10.gxf3 e6
11.Bf1d3 Nb8d7
12.a3 Bf8d6
13.b4 Nd7e5
14.Bd3e4 Ne5c4
15.Be3d4 e5
16.Bd4xe5 Bd6xe5
17.Rh1e1 O-O-O
18.Ke2 Be5xc3
19.Re1d1 Bc3xa1
20.Be4d3 Rh8e8
21.Kf1 Kb8
22.h3 Nc4b2
23.Rd1xa1 Nb2xd3
24.h4 Nd3f4
25.Ra1c1 Nf4g6
26.h5 Ng6h4
27.f4 Re8e4
28.b5 Re4xf4
29.Rc1e1 Rf4g4
30.Re1c1 Nh4f3
31.Rc1c3 Nf3h2
32.Ke1 Rg4d4
33.Rc3h3 Rd8e8
34.Rh3e3 Re8xe3
35.fxe3 Rd4a4
36.Kd2 Ra4xa3
37.e4 Kc7
38.e5 Kb6
39.h6 gxh6
40.e6 fxe6
41.Ke2 Kxb5
42.Kd2 Kc4
43.Ke2 b5
44.Kf2 b4
45.Ke2 b3
46.Kd2 Ra3a2
47.Ke3 b2
48.Ke4 b1Q
49.Ke3 Qb1e1
50.Kf4 Ra2f2
51.Kg3 Qe1g1
52.Kh4 Qg1g4

0-1

[Event "Eq:Los Tercios-La Taverne : "]
[Site "www.chess-mail.com"]
[Date "2015.08.15"]
[Round "1"]
[White "Xkafi"]
[Black "Lui"]
[WhiteElo "2070"]
[BlackElo "2330"]
[Result "0-1"]
[Round "1"]
1.e4 e5
2.Ng1f3 Nb8c6
3.Bf1b5 a6
4.Bb5a4 Ng8f6
5.Ba4xc6 dxc6
6.Nf3xe5 Qd8d4
7.Ne5d3 Qd4xe4
8.Kf1 Bc8e6
9.Nb1c3 Qe4c4
10.Qd1e2 O-O-O
11.b3 Qc4d4
12.Bc1b2 Be6f5
13.Kg1 Bf5xd3
14.cxd3 Qd4xd3
15.Qe2xd3 Rd8xd3
16.Ra1d1 Bf8b4
17.f3 Rh8d8
18.Nc3e4 Nf6xe4
19.fxe4 Rd3xd2
20.Rd1xd2 Rd8xd2
21.Bb2xg7 Rd2d1
22.Kf2 Rd1xh1
{ resign }
0-1

[Event "Fast Game"]
[Site "www.echecsemail.com"]
[Date "2015.08.15"]
[Round "1"]
[White "Mitja"]
[Black "Jhw"]
[WhiteElo "1630"]
[BlackElo "1799"]
[Result "1-0"]
[Round "1"]
1.d4 c6
2.e3 d5
3.h3 f6
4.Nb1c3 e5
5.dxe5 fxe5
6.Ng1f3 Qd8f6
7.a3 e4
8.Nf3d4 a6
9.Nd4e2 g6
10.Ne2g3 h5
11.Bf1e2 h4
12.Ng3f1 Bf8d6
13.Nf1h2 Qf6g5
14.Be2g4 Bd6xh2
15.Rh1xh2 Bc8xg4
16.hxg4 Ng8f6
17.f3 exf3
18.Qd1xf3 Nf6xg4
19.e4 dxe4
20.Qf3xe4 Qg5e7
21.Qe4xe7 Kxe7
22.Bc1g5 Kf7
23.Rh2xh4 Rh8xh4
24.Bg5xh4 Ng4e3
25.Kd2 Ne3xg2
26.Ra1f1 Kg7
27.Bh4g3 Nb8d7
28.Rf1g1 Ra8f8
29.Rg1xg2 Rf8f1
30.Rg2e2 Kf6
31.Re2f2 Rf1xf2
32.Bg3xf2 Kf5
33.Ke3 Nd7e5
34.b3 b5
35.Nc3e2 g5
36.Bf2g3 c5
37.Bg3e1 Ne5g4
38.Kf3 Ng4h2
39.Ke3 Nh2g4
40.Kf3 Ng4e5
41.Kg3 g4
42.Ne2f4 c4
43.b4 Ne5f3
44.Be1c3 Kg5
45.Nf4d5 Nf3g1
46.Kf2 Ng1h3
47.Kg3 Nh3g1
48.Bc3a1 Ng1e2
49.Kf2 Ne2f4
50.Nd5c7 Kh4
51.Ba1d4 g3
52.Kf3 Nf4g6
53.Nc7xa6 Kh3
54.Na6c7 Ng6h4
55.Ke4 Kh2
56.Nc7xb5 g2
57.Nb5d6 Nh4g6
58.Nd6xc4 Ng6e7
59.b5 Ne7c8
60.b6 Nc8e7
61.b7 Ne7c6
62.Bd4f2 { resign }
1-0